000 00451nam a2200157Ia 4500
003 OSt
005 20200625130301.0
008 190216s9999||||xx |||||||||||||| ||und||
040 _coclc
082 _a954
_bMAJ/B
100 _aMajumdar, R C
_93013
245 0 _aBharata Braht Charitram /
_cR C Majumdar
260 _bKerala Bhasha Institute,
_c1980.
_aTrivandrum:
300 _a305p
942 _cBK
_2ddc
_h954
_iMAJ/B
_k954
_mMAJ/B
999 _c37533
_d37533